|
|
|
|
| LEADER |
00000cam a2200000 i 4500 |
| 001 |
1/49076 |
| 008 |
980721q19uu gr | ||| |||| ||eng|| |
| 035 |
|
|
|l 10043512
|
| 040 |
|
|
|a GR-MyUa
|b gre
|e AACR2
|
| 041 |
0 |
|
|a eng
|
| 082 |
7 |
|
|a 778.943499
|2 (22)
|
| 100 |
1 |
|
|a Βαλής, Δημήτρης.
|
| 245 |
1 |
0 |
|a Samos :
|b the passing generation = Die Generation die uns verlaesst = La generation qui s' en va = η γενιά που φεύγει /
|c Dimitris Valis.
|
| 260 |
|
|
|a Σάμος :
|b [χ.ο.],
|c [19??].
|
| 300 |
|
|
|a 3 τ. :
|b φωτ. ;
|c 19x25 εκ.
|
| 500 |
|
|
|a Foto album.
|
| 650 |
|
0 |
|a Older people
|z Greece
|z Samos (Municipality)
|x Pictorial works.
|
| 651 |
|
0 |
|a Samos (Greece : Municipality)
|x Pictorial works.
|
| 852 |
|
|
|a INST
|b SAMOS
|e 19980721
|h 778.943499 ΒΑΛ
|p 005300010812
|q 005300010812
|t BK
|y 0
|z τ.3
|
| 852 |
|
|
|a INST
|b SAMOS
|e 19980721
|h 778.943499 ΒΑΛ
|p 005300010813
|q 005300010813
|t BK
|y 0
|z τ.2
|
| 852 |
|
|
|a INST
|b SAMOS
|e 19980721
|h 778.943499 ΒΑΛ
|p 005300010814
|q 005300010814
|t BK
|y 0
|z τ.1
|
| 852 |
|
|
|a INST
|b SAMOS
|e 19980721
|h 778.943499 ΒΑΛ
|p 005300010812
|q 005300010812
|t BK
|v τ.3:
|y 0
|z τ.3
|
| 852 |
|
|
|a INST
|b SAMOS
|e 19980721
|h 778.943499 ΒΑΛ
|p 005300010813
|q 005300010813
|t BK
|v τ.2:
|y 0
|z τ.2
|
| 852 |
|
|
|a INST
|b SAMOS
|e 19980721
|h 778.943499 ΒΑΛ
|p 005300010814
|q 005300010814
|t BK
|v τ.1:
|y 0
|z τ.1
|
| 853 |
|
|
|a INST
|b SAMOS
|h 778.943499 ΒΑΛ
|
| 901 |
|
|
|a BIBL-1998-2
|